000 00281nam a22001217a 4500
008 181221b xxu||||| |||| 00| 0 eng d
041 _aeng
080 _a541
100 _a12
101 _aKIM
245 _aLaboratory Experiments in Organic Chemistry
_cAdams, R
942 _2udc
_cBK
999 _c53628
_d53628